| 000 | 00918cam a22003017a 4500 | ||
|---|---|---|---|
| 003 | CHAP | ||
| 005 | 20220817043119.0 | ||
| 008 | 971010s1983 r 00010 d | ||
| 010 | _a66128 | ||
| 011 | _a67100 | ||
| 035 | _a76339 | ||
| 040 | _cCHAP | ||
| 090 | _aFolleto 8489 | ||
| 110 | 2 | _aUACH. Dirección de Difusión Cultural | |
| 245 | 1 | 0 | _aAntología del centenario de la muerte de Carlos Marx |
| 260 |
_aChapingo, Méx. : _bLa Universidad, _c1983 |
||
| 300 | _a87 p | ||
| 500 | _aEn bodega c.6 | ||
| 590 |
_aBATCH-UPD _b10 _c20130110 _lUCH01 _h1550 |
||
| 590 |
_aCONVERSION _b10 _c20130109 _lUCH01 _h1336 |
||
| 650 | 1 | 4 |
_aMarxismo. _972728 |
| 700 | 0 |
_aMarx, Karl. _972726 |
|
| 901 | _aBK | ||
| 942 | _cFOLL | ||
| 949 |
_aFolleto 8489 _bBC _cFOLL _d-153776 _eTS2 _fc.2 _i76339 _si |
||
| 949 |
_aFolleto 8489 _bBC _cFOLL _d-153777 _eTS2 _fc.3 _i76339 _si |
||
| 949 |
_aFolleto 8489 _bBC _cUACH _d-153775 _eUACH _i76339 _si |
||
| 999 |
_c66128 _d66128 |
||